Geography Quiz

Random Geography or Color Quiz
Score 0/16 Timer 05:00
2 Plays Today
% Correct
France
93%
Canada
89.9%
Ireland
85.5%
Italy
84.9%
Belgium
73.6%
Mexico
73.1%
Nigeria
60.2%
Romania
59.3%
% Correct
Cote d'Ivoire
53.4%
Peru
50.6%
Guatemala
43.1%
Chad
36.8%
Senegal
32.1%
Mali
27%
Cameroon
24.5%
Guinea
20.7%
Remove Ads.
Support Sporcle.
Get the best of Sporcle when you Go Orange. This ad-free experience offers more features, more stats, and more fun while also helping to support Sporcle. Thank you for becoming a member.

You're not logged in!

Compare scores with friends on all Sporcle quizzes.
OR
Log In

Show Comments

Extras

Top Quizzes Today


Score Distribution

Your Account Isn't Verified!

In order to create a playlist on Sporcle, you need to verify the email address you used during registration. Go to your Sporcle Settings to finish the process.

Report this User

Report this user for behavior that violates our Community Guidelines.

Details: